00486nam a2200169 a 45000010005000000030009000050080041000140200015000550400028000700820017000981000041001152450049001562600043002053000011002486500024002596500033002837203CO-ViMGA141112s2004 ck r 000 u spa d a9681200144 aCO-ViMGAbspacCO-ViMGA04a312.18 N768p1 aUrquidi, Victor L.; Morelos, Jose B.10aPoblación y desarrollo en América Latina aMexico, cEl colegio de Mexico, c1979 a481.p.14aDEMOGRAFIA - LATINA14aPOBLACION - América LATINA